00760 a2200205 4500999001500000010001400015020002300029035001300052037001500065082001300080245013300093260004400226270004800270300002900318700001900347700002100366700001900387942003300406952011500439 c4205d4205 aENG-86126 a8120331723c450.00 aEN-69659 bDBAD / PUB14a571.60111 aSystem modeling in cellular biology from concepts to nuts and bolt/scedited by Zoltan Szallasi, Jorg Stelling and Vipul Periwal aNew DelhibPrentice Hall of Indiac2007 aM-97, Cannaught Circus,bNew Delhie110 001 axiv, 448 p.c23cm. (Hb.)1 aPeriwal, Vipul1 aSzallasi, Zoltan1 aStelling, Jorg adplcEN2ddch571.6011m SYS 001040718NFICaDBADbDBADeDBAD/PUBg450.00l0o571.6011 SYSpEN-69659r2008-09-15 00:00:00t1v450.00yEN